Statistics for 1997 NFL Standings

Click here to take the quiz!

General Stats

  • This quiz has been taken 16 times
  • The average score is 16 of 30

Answer Stats

Rank (seed)RecordNFL Team% Correct
AFC East Champ (3)10-6New England Patriots
100%
AFC West Champ (1)13-3Kansas City Chiefs
83%
AFC Central Champ (2)11-5Pittsburgh Steelers
83%
NFC West Champ (1)13-3San Francisco 49ers
83%
AFC (10) Missed Playoffs7-9Cincinnati Bengals
67%
NFC (11) Missed Playoffs6-10Dallas Cowboys
67%
NFC Central Champ (2)13-3Green Bay Packers
67%
AFC Wild Card (6)9-7Miami Dolphins
67%
NFC East Champ (3)10-5-1New York Giants
67%
AFC (7) Missed Playoffs9-7New York Jets
67%
NFC (10) Missed Playoffs6-9-1Philadelphia Eagles
67%
NFC (7) Missed Playoffs8-7-1Washington Redskins
67%
NFC (14) Missed Playoffs4-12Arizona Cardinals
50%
AFC (12) Missed Playoffs6-10Buffalo Bills
50%
NFC (15) Missed Playoffs4-12Chicago Bears
50%
AFC Wild Card (4)12-4Denver Broncos
50%
NFC Wild Card (5)9-7Detroit Lions
50%
AFC (13) Missed Playoffs4-12Oakland Raiders
50%
NFC (9) Missed Playoffs7-9Atlanta Falcons
33%
AFC (11) Missed Playoffs6-9-1Baltimore Ravens
33%
NFC (8) Missed Playoffs7-9Carolina Panthers
33%
AFC (15) Missed Playoffs3-13Indianapolis Colts
33%
AFC Wild Card (5)11-5Jacksonville Jaguars
33%
NFC Wild Card (6)9-7Minnesota Vikings
33%
NFC (12) Missed Playoffs6-10New Orleans Saints
33%
AFC (14) Missed Playoffs4-12San Diego Chargers
33%
AFC (8) Missed Playoffs8-8Seattle Seahawks
33%
NFC (13) Missed Playoffs5-11St. Louis Rams
33%
NFC Wild Card (4)10-6Tampa Bay Buccaneers
33%
AFC (9) Missed Playoffs8-8Tennessee Oilers
33%

Score Distribution

Percentile by Number Answered

Percent of People with Each Score

Your Score History

You have not taken this quiz